<?xml version="1.0" encoding="UTF-8"?>
<record
    xmlns:xsi="http://www.w3.org/2001/XMLSchema-instance"
    xsi:schemaLocation="http://www.loc.gov/MARC21/slim http://www.loc.gov/standards/marcxml/schema/MARC21slim.xsd"
    xmlns="http://www.loc.gov/MARC21/slim">

  <leader>00572nam a22001337a 4500</leader>
  <controlfield tag="008">230525b        |||||||| |||| 00| 0 eng d</controlfield>
  <datafield tag="040" ind1=" " ind2=" ">
    <subfield code="a">National Science Library</subfield>
    <subfield code="c">National Science Library</subfield>
  </datafield>
  <datafield tag="080" ind1=" " ind2=" ">
    <subfield code="a">334.724(540)(048.8)</subfield>
    <subfield code="b">N2</subfield>
  </datafield>
  <datafield tag="245" ind1=" " ind2=" ">
    <subfield code="a">Public enterprises survey 1991-92: </subfield>
    <subfield code="c">/ Ministry of Industry</subfield>
    <subfield code="b">Annual report on the working of industrial and commercial undertakings of the central government</subfield>
  </datafield>
  <datafield tag="260" ind1=" " ind2=" ">
    <subfield code="a">New Delhi: </subfield>
    <subfield code="b">Ministry of Industry,</subfield>
    <subfield code="c">1992</subfield>
  </datafield>
  <datafield tag="500" ind1=" " ind2=" ">
    <subfield code="a">Vol.1; vi, 208p. 
Vol.2; vii, 312p.
Vol. 3; vii, 714p.</subfield>
  </datafield>
  <datafield tag="650" ind1=" " ind2=" ">
    <subfield code="a">Enterprises</subfield>
  </datafield>
  <datafield tag="942" ind1=" " ind2=" ">
    <subfield code="2">udc</subfield>
    <subfield code="c">REP</subfield>
  </datafield>
  <datafield tag="999" ind1=" " ind2=" ">
    <subfield code="c">34710</subfield>
    <subfield code="d">34710</subfield>
  </datafield>
  <datafield tag="952" ind1=" " ind2=" ">
    <subfield code="0">0</subfield>
    <subfield code="1">0</subfield>
    <subfield code="2">udc</subfield>
    <subfield code="4">0</subfield>
    <subfield code="6">3347245400488_N2</subfield>
    <subfield code="7">0</subfield>
    <subfield code="8">REF</subfield>
    <subfield code="9">52934</subfield>
    <subfield code="a">NSL</subfield>
    <subfield code="b">NSL</subfield>
    <subfield code="c">GF/RK-25/C-6/R-2</subfield>
    <subfield code="d">1994-01-11</subfield>
    <subfield code="h">Vol. 3; vii, 714p.</subfield>
    <subfield code="l">0</subfield>
    <subfield code="o">334.724(540)(048.8) N2</subfield>
    <subfield code="p">174344</subfield>
    <subfield code="r">2023-05-25 00:00:00</subfield>
    <subfield code="w">1994-01-11</subfield>
    <subfield code="y">REP</subfield>
  </datafield>
  <datafield tag="952" ind1=" " ind2=" ">
    <subfield code="0">0</subfield>
    <subfield code="1">0</subfield>
    <subfield code="2">udc</subfield>
    <subfield code="4">0</subfield>
    <subfield code="6">3347245400488_N2</subfield>
    <subfield code="7">0</subfield>
    <subfield code="8">REF</subfield>
    <subfield code="9">52935</subfield>
    <subfield code="a">NSL</subfield>
    <subfield code="b">NSL</subfield>
    <subfield code="c">GF/RK-25/C-6/R-2</subfield>
    <subfield code="d">1994-01-11</subfield>
    <subfield code="h">Vol.1; vi, 208p. .</subfield>
    <subfield code="l">0</subfield>
    <subfield code="o">334.724(540)(048.8) N2</subfield>
    <subfield code="p">174342</subfield>
    <subfield code="r">2023-05-25 00:00:00</subfield>
    <subfield code="w">1994-01-11</subfield>
    <subfield code="y">REP</subfield>
  </datafield>
  <datafield tag="952" ind1=" " ind2=" ">
    <subfield code="0">0</subfield>
    <subfield code="1">0</subfield>
    <subfield code="2">udc</subfield>
    <subfield code="4">0</subfield>
    <subfield code="6">3347245400488_N2</subfield>
    <subfield code="7">0</subfield>
    <subfield code="8">REF</subfield>
    <subfield code="9">52937</subfield>
    <subfield code="a">NSL</subfield>
    <subfield code="b">NSL</subfield>
    <subfield code="c">GF/RK-25/C-6/R-2</subfield>
    <subfield code="d">1994-01-11</subfield>
    <subfield code="h">Vol.2; vii, 312p.</subfield>
    <subfield code="l">0</subfield>
    <subfield code="o">334.724(540)(048.8) N2</subfield>
    <subfield code="p">174343</subfield>
    <subfield code="r">2023-05-25 00:00:00</subfield>
    <subfield code="w">1994-01-11</subfield>
    <subfield code="y">REP</subfield>
  </datafield>
</record>
